Introducción a la antropología educacional / (Record no. 87200)

MARC details
000 -LEADER
campo de control de longitud fija 00675nam a2200205 i 4500
001 - NÚMERO DE CONTROL
campo de control 87200
003 - IDENTIFICADOR DE NÚMERO DE CONTROL
campo de control ES-MaACL
007 - CAMPO FIJO DE DESCRIPCIÓN FÍSICA--INFORMACIÓN GENERAL
campo de control de longitud fija t|
008 - DATOS DE LONGITUD FIJA--INFORMACIÓN GENERAL
campo de control de longitud fija 041220s1974 ag ||||1| spa d
100 1# - ENTRADA PRINCIPAL--NOMBRE DE PERSONA
Nombre de persona Kneller, George E.
9 (RLIN) 68333
245 10 - MENCIÓN DEL TÍTULO
Título Introducción a la antropología educacional /
Mención de responsabilidad, etc. George E. Kneller ; [versión de Marcelo Pérez Rivas].
250 ## - MENCION DE EDICION
Mención de edición [1ª ed.].
260 ## - PUBLICACIÓN, DISTRIBUCIÓN, ETC.
Lugar de publicación, distribución, etc. Buenos Aires :
Nombre del editor, distribuidor, etc. Paidós,
Fecha de publicación, distribución, etc. [1974]
300 ## - DESCRIPCIÓN FÍSICA
Extensión 206 p. ;
Dimensiones 20 cm.
490 1# - MENCIÓN DE SERIE
Mención de serie Biblioteca del educador contemporáneo
700 1# - ENTRADA AGREGADA--NOMBRE PERSONAL
Nombre de persona Pérez Rivas, Marcelo.
9 (RLIN) 91112
830 0# - PUNTO DE ACCESO ADICIONAL DE SERIE-TÍTULO UNIFORME
Título uniforme Biblioteca del educador contemporáneo
9 (RLIN) 231775
852 ## - LOCALIZACIÓN
Ubicación ES-MaACL
Número de control de estantería E-6375
Sublocalización o colección R.90399
Holdings
Estatus retirado Estado de pérdida Estado de daño No para préstamo Biblioteca de origen Biblioteca actual Ubicación en estantería Fecha de adquisición Fuente de adquisición Total de préstamos Signatura topográfica completa Código de barras Visto por última vez Precio de reemplazo Tipo de ítem Koha
        Biblioteca del Ateneo de Madrid Biblioteca del Ateneo de Madrid Depósito 2 17/01/2008     E-6375 1091106 23/02/2023 23/02/2023 Libro impreso